000
00325 a2200157 4500
001
164799
020
_a
040
_c
Magnum
100
_a
Puntoni, Pedro
240
1
0
_a
A guerra dos holandeses
_l
por
245
1
0
_a
A guerra dos holandeses
362
0
_a
1899
440
1
_a
Ática
697
_a
PARADIDATICO
942
_c
BK
999
_c
164799
_d
164799